Statistics for Songs to Rapper

Click here to take the quiz!

General Stats

  • This quiz has been taken 48 times
  • The average score is 11 of 27

Answer Stats

SongRapper% Correct
In Da Club50 Cent
86%
KillshotEminem
86%
99 ProblemsJay Z
79%
Super BassNicki Minaj
76%
Gangsta's ParadiseCoolio
74%
Rap DevilMachine Gun Kelly
74%
Hit Em UpTupac Shakur
71%
It was a Good DayIce Cube
67%
Young, Wild and FreeSnoop Dogg
67%
JuicyBiggie
62%
I Need a DoctorDr Dre
62%
PowerKanye West
52%
Up in HereDMX
36%
Ms. JacksonAndre 3000
31%
I CanNas
29%
Keanu ReevesLogic
24%
MiamiWill Smith
19%
ColorsIce T
17%
U Got it BadUsher
17%
Act a FoolLudacris
14%
Touch ItBusta Rhymes
10%
Lyrics of FuryRakim
10%
Devil's WorkJoyner Lucas
7%
Ice CreamGhostface Killah
5%
Purple PillsProof
5%
SnitchObie Trice
2%
I Got LoveNate Dogg
0%

Score Distribution

Percentile by Number Answered

Percent of People with Each Score

Your Score History

You have not taken this quiz